Les surnoms du Bayern Munich - Statistiques

Statistiques générales
  • Ce quiz a été pris 16 fois
  • Le résultat moyen est 2 sur 5
Statistiques - réponses
Réponse % Correct
FC Hollywood
69%
Die Roten
54%
Die Bayern
38%
Der Rekordmeister
31%
FC Bayern
31%
Aucun quiz correspondant
Distribution des résultats
% des personnes avec chaque résultat
Percentile par nombre de réponses
Votre historique - résultats
Vous n’avez pas pris ce quiz